| 000 | 01240nam a22001937a 4500 | ||
|---|---|---|---|
| 999 |
_c59088 _d59088 |
||
| 003 | Ge_BSU | ||
| 005 | 20221122155212.0 | ||
| 008 | 221122s1982ge xxu||||| |||| 00| 0 geo d | ||
| 041 | _ageo | ||
| 080 | _a821.112.2(436)-32 ც-53 | ||
| 100 |
_aცვაიგი, შტეფან, 1881-1942, ავტორი. _915999 |
||
| 245 |
_aრჩეული თხზულებანი / _cშტეფან ცვაიგი ; კრებული შეადგინა, წინასიტყვ. და კომენტარები დაურთო კ. ჯორჯანელმა. |
||
| 264 |
_aთბილისი : _bსაბჭ. საქართველო, _c1982. |
||
| 300 |
_a964 გვ. : _bპორტრ. ; _c21 სმ. |
||
| 440 |
_aმსოფლიო ლიტერატურის ბიბლიოთეკა ; ტ. 76 _916000 |
||
| 653 | _aნოველები. მწველი საიდუმლო. ზაფხულის ნოველა. შიში. ამოკით შეპყრობილი. და სხვ. | ||
| 700 |
_aჯორჯანელი, კ _eწინასიტყვ. და კომენტარები _916001 |
||
| 942 |
_2udc _cBK |
||